000
00295nam a22001337a 4500
008
181203b xxu||||| |||| 00| 0 eng d
020
_a
9780201627695
041
_a
eng
080
_a
004
100
_a
26
101
_a
SHK
245
_a
Human-Computer Interaction
_c
Preece,J
942
_2
udc
_c
BK
999
_c
52736
_d
52736